Könny, vér helyett. A Hamlet ötödik felvonásáról. {Eseu despre Hamlet}. [Essay on Hamlet]
Elmentve itt :
| Szerző: | |
|---|---|
| Adatforrás: | Meister |
| Forrásdokumentuma: | Korunk. - 2001. 6, 84-96. |
| Nyelv: | magyar |
| Kulcsszavak: | irodalomkritika critica literara literary criticism Hamlet |
| LEADER | 00472nab a2200157 i 4500 | ||
|---|---|---|---|
| 001 | bibPRO00011689 | ||
| 008 | 080908s2001 xx hun | ||
| 040 | |a Sz1 | ||
| 041 | |a hun | ||
| 100 | 1 | |a HORVÁTH Andor | |
| 245 | 1 | 0 | |a Könny, vér helyett. A Hamlet ötödik felvonásáról. {Eseu despre Hamlet}. [Essay on Hamlet] |c HORVÁTH Andor |
| 695 | |a irodalomkritika | ||
| 695 | |a critica literara | ||
| 695 | |a literary criticism | ||
| 695 | |a Hamlet | ||
| 773 | 0 | |t Korunk. - |g 2001. 6, 84-96. | |